| 000 | 00607nam a2200169 4500 | ||
|---|---|---|---|
| 999 |
_c80500 _d80500 |
||
| 008 | 201230b ||||| |||| 00| 0 eng d | ||
| 020 | _a959-05-0284-9 | ||
| 040 | _cSTAFF | ||
| 041 | _aspan. | ||
| 100 |
_aBrückner, Heinrich _d(1928-) |
||
| 245 |
_aLactar es amar: _bconocer, cuidar y mantener, la fuente natural de alimentacion del lactante/ _cHeinrich Brückner ; Traduccion: Hilda Alvarez González. |
||
| 260 |
_aLa Habana: _bEditorial Cientifico-Tecnica, _c2002 |
||
| 300 | _a82 S.: Ill. | ||
| 505 | _tÜbers. d. HST.: Stillen ist Liebe | ||
| 546 | _aText span., Aus dem Dt. übers. | ||
| 942 |
_2z _cB |
||